| 000 | 00563nam a2200217Ia 4500 | ||
|---|---|---|---|
| 003 | OSt | ||
| 005 | 20230503103752.0 | ||
| 008 | 210423s2020 xx 000 0 und d | ||
| 020 | _a978-0-00-837607-9 | ||
| 040 | _cAL | ||
| 041 | _aeng | ||
| 082 |
_a823.912 _223 _bTOLL |
||
| 100 |
_aTOLKIEN (J R R) _996603 |
||
| 245 | _aLord of the rings: the two towers | ||
| 260 |
_aLondon _bHarper Collins _c2020 |
||
| 300 |
_axiii,413-744 _bPB |
||
| 365 |
_b903 _cGBP |
||
| 650 |
_aEnglish Fiction _996604 |
||
| 906 | _aLord ; rings: ; towers ; two | ||
| 942 |
_2ddc _cBK |
||
| 999 |
_c170827 _d170827 |
||